Tilastot visalle Kaupungit maittain #2

Klikkaa tästä pelataksesi tätä visaa!

Yleistilastot

  • Tätä visaa on pelattu 193 kertaa
  • Keskiarvotulos 14 / 27

Vastaustilastot

KaupunkiValtio% Oikein
MalmöRuotsi
94%
VenetsiaItalia
94%
NottinghamYhdistynyt kuningaskunta
93%
FukushimaJapani
93%
ÍsafjörðurIslanti
76%
DohaQatar
71%
Moose JawKanada
69%
ChihuahuaMeksiko
66%
KorfuKreikka
65%
MagnitogorskVenäjä
62%
LimerickIrlanti
59%
ToursRanska
52%
LinzItävalta
52%
Belo HorizonteBrasilia
44%
Chiang MaiThaimaa
41%
LahorePakistan
38%
AbujaNigeria
38%
AlmatyKazakstan
36%
CádizEspanja
34%
TikritIrak
32%
BarranquillaKolumbia
31%
FèsMarokko
28%
ÜrümqiKiina
26%
Montego BayJamaika
22%
DunedinUusi-Seelanti
21%
SfaxTunisia
17%
BengasiLibya
16%

Tulosjakauma

Persentiili vastausten määrän mukaan

Jokaisen tuloksen saaneiden osuus

Tuloshistoriasi

Et ole pelannut tätä visaa